<?xml version="1.0" encoding="UTF-8"?><?xml-stylesheet type="text/xsl" href="static/style.xsl"?><OAI-PMH xmlns="http://www.openarchives.org/OAI/2.0/" xmlns:xsi="http://www.w3.org/2001/XMLSchema-instance" xsi:schemaLocation="http://www.openarchives.org/OAI/2.0/ http://www.openarchives.org/OAI/2.0/OAI-PMH.xsd"><responseDate>2026-06-29T07:25:55Z</responseDate><request verb="GetRecord" identifier="oai:docta.ucm.es:20.500.14352/114132" metadataPrefix="marc">https://docta.ucm.es/rest/oai/request</request><GetRecord><record><header><identifier>oai:docta.ucm.es:20.500.14352/114132</identifier><datestamp>2025-03-18T15:39:21Z</datestamp><setSpec>com_20.500.14352_14</setSpec><setSpec>col_20.500.14352_18</setSpec></header><metadata><record xmlns="http://www.loc.gov/MARC21/slim" xmlns:dcterms="http://purl.org/dc/terms/" xmlns:xsi="http://www.w3.org/2001/XMLSchema-instance" xmlns:doc="http://www.lyncode.com/xoai" xsi:schemaLocation="http://www.loc.gov/MARC21/slim http://www.loc.gov/standards/marcxml/schema/MARC21slim.xsd">
   <leader>00925njm 22002777a 4500</leader>
   <datafield ind2=" " ind1=" " tag="042">
      <subfield code="a">dc</subfield>
   </datafield>
   <datafield ind2=" " ind1=" " tag="720">
      <subfield code="a">Martínez Martínez, Teresa</subfield>
      <subfield code="e">author</subfield>
   </datafield>
   <datafield ind2=" " ind1=" " tag="260">
      <subfield code="c">2020-12-01</subfield>
   </datafield>
   <datafield ind2=" " ind1=" " tag="520">
      <subfield code="a">La obra colectiva pretende ofrecer a los estudiosos y prácticos del Derecho de sociedades una visión necesariamente sintética, pero rigurosa y actualizada, de las cuestiones fundamentales del régimen de las sociedades de capital en los países de la Unión Europea, que permita su comparación y contraste. El capítulo, en el marco de la Parte dedicada a España, aborda los procedimientos de fundación de las sociedades de responsabilidad limitada, los contenidos de escritura y estatutos, la eficacia de la inscripción y los problemas que plantea su ausencia; los mecanismos de financiación de estas sociedades, incluyendo alguno tan novedoso como el equity crowdfunding mediante plataformas; la naturaleza y transmisión de las participaciones sociales, los derechos de los socios, y la autocartera.</subfield>
   </datafield>
   <datafield ind1="8" ind2=" " tag="024">
      <subfield code="a">Martínez Martínez, Mª T., "Limited liability companies: foundation and financing" in VICARI/SCHALL, Company Laws of the UE, 2020.</subfield>
   </datafield>
   <datafield ind1="8" ind2=" " tag="024">
      <subfield code="a">978-3-406-71479-5</subfield>
   </datafield>
   <datafield ind1="8" ind2=" " tag="024">
      <subfield code="a">https://hdl.handle.net/20.500.14352/114132</subfield>
   </datafield>
   <datafield ind2="0" ind1="0" tag="245">
      <subfield code="a">Limited liability companies: foundation and financing</subfield>
   </datafield>
</record></metadata></record></GetRecord></OAI-PMH>